Dôsledky negatívneho výberu na dopyt a ponuku poistenia diplomová práca

Enregistré dans:
Détails bibliographiques
Auteur principal: Kollárovič, Patrik
Collectivité auteur: Národohospodárska fakulta EU. Katedra poisťovníctva
Autres auteurs: Brokešová, Zuzana, 1985-
Format: Livre
Langue:slovaque
Publié: Bratislava 2017
Tags: Ajouter un tag
Pas de tags, Soyez le premier à ajouter un tag!

MARC

LEADER 00000nbm a2200000 4500
001 0231941
005 20170713121100.1
041 0 |a slo 
044 |a SK 
245 1 0 |a Dôsledky negatívneho výberu na dopyt a ponuku poistenia  |b diplomová práca  |c Patrik Kollárovič ; školiteľ: Zuzana Brokešová 
264 1 |a Bratislava  |c 2017 
300 |a 64 s. 
100 1 |a Kollárovič, Patrik 
700 1 |a Brokešová, Zuzana, 1985- 
710 2 |a Národohospodárska fakulta EU. Katedra poisťovníctva